MARC

LEADER 00000nlm0a2200000 4500
001 258180
005 20231101233255.0
010 |a 9785991632645 
010 |a 978-5-9692-1494-1 
035 |a (RuTPU)RU\TPU\book\281018 
090 |a 258180 
100 |a 20140423d2014 m y0rusy50 ca 
101 0 |a rus 
102 |a RU 
105 |a y j 000zy 
135 |a vocna---uucaa 
181 0 |a i  
182 0 |a b 
200 1 |a Безопасность жизнедеятельности  |b Электронный ресурс  |e учебник для бакалавров  |f В. И. Каракеян, И. М. Никулина 
203 |a Текст  |c электронный 
210 |a Москва  |c Юрайт  |d 2014 
215 |a 1 Мультимедиа CD-ROM 
225 1 |a Электронные учебники издательства "Юрайт" 
225 1 |a Бакалавр. Базовый курс 
230 |a Мультимедиа ресурсы (10 директорий; 100 файлов; 740MB) 
300 |a Электронная копия печатного издания. 
333 |a Режим доступа: из корпоративной сети ТПУ 
337 |a Pentium 100 MHz, 16 Mb RAM, Windows 95/98/NT/2000, CDROM, SVGA, звуковая карта, Internet Explorer 5.0 и выше 
606 1 |a Безопасность жизнедеятельности  |2 stltpush  |3 (RuTPU)RU\TPU\subj\27856  |9 51540 
610 1 |a теоретические основы 
610 1 |a техносфера 
610 1 |a опасности 
610 1 |a человеческий фактор 
610 1 |a жизнедеятельность 
610 1 |a комфортные условия 
610 1 |a окружающая среда 
610 1 |a чистота 
610 1 |a чрезвычайные ситуации 
610 1 |a управление 
610 1 |a классификация 
610 1 |a экономика 
610 1 |a объекты 
610 1 |a устойчивость 
610 1 |a функционирование 
610 1 |a последствия 
610 1 |a ликвидация 
610 1 |a медицинская помощь 
610 1 |a организационно-правовые аспекты 
610 1 |a экономические основы 
610 1 |a учебники 
610 1 |a CD-ROM 
675 |a 614.8(075.8)  |v 3 
700 1 |a Каракеян  |b В. И.  |g Валерий Иванович 
701 1 |a Никулина  |b И. М.  |g Ирина Михайловна 
801 1 |a RU  |b 63413507  |c 20140423 
801 2 |a RU  |b 63413507  |c 20161028  |g RCR 
856 4 |u http://www.lib.tpu.ru/fulltext2/m/2014/FN/fn-10.pdf 
900 |a Безопасность жизнедеятельности 
942 |c CF 
952 |b 080100  |b 080200  |l 8.1  |l 6